Statistiche per Stati per Fuso Orario - UTC+12

Clicka qui per fare il quiz!

Statistiche generali

  • Questo quiz è stato fatto 5 volte
  • Il punteggio medio è 7 su 9

Statistiche sulle risposte

ContinenteNazione% Corretto
AsiaCircondario federale dell'Estremo Oriente (Russia)
100%
OceaniaFigi
100%
OceaniaIsole Gilbert (Kiribati)
100%
OceaniaNuova Zelanda
100%
OceaniaTuvalu
100%
OceaniaIsole Marshall
75%
OceaniaNauru
75%
OceaniaIsola Wake (Stati Uniti)
25%
OceaniaWallis e Futuna (Francia)
25%

Distribuzione punteggi

Percentile per numero di risposta

Percentuale di utenti per punteggio

I tuoi punteggi nel tempo

Non hai fatto questo quiz